Web designing and development : (Record no. 9322)

MARC details
000 -LEADER
fixed length control field 00591cam a2200217ua 4500
008 - FIXED-LENGTH DATA ELEMENTS--GENERAL INFORMATION
fixed length control field 180331n ii |||gr||||Z||||||eng
020 ## - INTERNATIONAL STANDARD BOOK NUMBER
International Standard Book Number 9788183335799
040 ## - CATALOGING SOURCE
Transcribing agency MAIN
082 ## - DEWEY DECIMAL CLASSIFICATION NUMBER
Classification number 006.7
100 ## - MAIN ENTRY--PERSONAL NAME
Personal name Jain, Satish,
Relator term
245 ## - TITLE STATEMENT
Title Web designing and development :
Remainder of title training guide /
Statement of responsibility, etc. By Satish Jain .
250 ## - EDITION STATEMENT
Edition statement 1st ed.
260 ## - PUBLICATION, DISTRIBUTION, ETC.
Place of publication, distribution, etc. New Delhi:
Name of publisher, distributor, etc. BPB publications,
Date of publication, distribution, etc. 2015.
300 ## - PHYSICAL DESCRIPTION
Extent 215p.
700 ## - ADDED ENTRY--PERSONAL NAME
Personal name Rai, Ambrish K.,
Relator term
700 ## - ADDED ENTRY--PERSONAL NAME
Personal name Iyer, M. Geetha,
Relator term
942 ## - ADDED ENTRY ELEMENTS (KOHA)
Koha item type Books
653 ## - INDEX TERM--UNCONTROLLED
Uncontrolled term Special computer methods
653 ## - INDEX TERM--UNCONTROLLED
Uncontrolled term Web design
Holdings
Withdrawn status Lost status Damaged status Not for loan Home library Current library Shelving location Date acquired Total Checkouts Full call number Barcode Date last seen Copy number Price effective from Koha item type Date last checked out
        Central Library, Naharkatiya College Central Library, Naharkatiya College General Stacks 19/09/2020   006.7 | JAI 24686 19/09/2020 1 19/09/2020 Books  
        Central Library, Naharkatiya College Central Library, Naharkatiya College General Stacks 19/09/2020 1 006.7 | JAI 24687 09/03/2021 2 19/09/2020 Books 20/02/2021

Naharkatiya College © 2020. All rights reserved.

Powered By